000 00684nam a2200265Ia 4500
005 20260123165615.0
008 008 260114s9999 xx 000 0 eng d
020 _a9780134841700
037 _aEBOOK
040 _aCRL
040 _beng
040 _cCRL
041 _2eng
041 _aeng
084 _qCRL
100 _aStephanie Ockerman, Simon Reindl
_91106417
245 0 _aMastering Professional Scrum: A Practitioner s Guide to Ove
260 _aAddison-Wesley
260 _bPearson
260 _c2020
856 _uhttps://ebooks.elibrary.in.pearson.com/wr/launchbook.html?id=12032024
942 _cEBOOK
999 _c1671534
_d1671534